Loading...

Encyclopaedia of Population Studies and Demography: Critical issues in development Ynamics. Vol. I (Theory & Principles)

Bibliographic Details
Main Author: Mitra, Kamaljit Chandra
Format: Printed Book
Published: Dominant publishers and distributors, New Delhi 2005
Edition:1
Subjects:
LEADER 00718nam a2200193 4500
020 |c Rs.700/- 
082 |a 304.6 MIT-E1 
100 |a Mitra, Kamaljit Chandra 
245 |a Encyclopaedia of Population Studies and Demography: Critical issues in development Ynamics. Vol. I (Theory & Principles) 
250 |a 1 
260 |a Dominant publishers and distributors, New Delhi  |c 2005 
300
490
500
590 |a Arunima Book Distribution, Thiruvananthapuram  |b ABD- 157, 1-2-2006  |c Rs.700/- 
650 |a Population studies (Demography) 
942 |c REF 
999 |c 114756  |d 114756 
952 |0 0  |1 0  |4 0  |6 304_600000000000000_MITE1  |7 0  |9 128223  |a ECN  |b ECN  |g 0.00  |l 0  |o 304.6 MIT-E1  |p ECN11778  |r 2019-09-25  |w 2019-09-25  |y REF